| 000 | 00763cam4a220022900 4500 | ||
|---|---|---|---|
| 001 | tmp15699778 | ||
| 003 | UPRA | ||
| 005 | 20190823082705.0 | ||
| 008 | 951006s1981 enk eng u | ||
| 035 | _a(Sirsi) r96677 | ||
| 035 | _a(UPRA)tmp15699778 | ||
| 040 | _cUPRA | ||
| 245 | 0 | 0 |
_aGuinness book of records / _c[edited by] Norris McWhirter [and] Stan Greenberg. |
| 250 | _a27th ed. | ||
| 260 |
_aEnfield Middlesex : _bGuinness Superlatives, _c[1981] |
||
| 500 | _a1st ed. published 1955. | ||
| 500 | _aTitle varies: The Guinness book of superlatives. | ||
| 650 | 0 |
_aCuriosities and wonders. _6S16245.1 |
|
| 700 | 1 |
_aMcWhirter, Norris, 1925- _dMcWhirter, Norris, 1925- _6A23026.1 |
|
| 949 |
_aAG243 _wlcc _i-136917 _mMAIN _tBOOK _lON-SHELF |
||
| 004 | 96677 | ||
| 999 |
_c138555 _d138555 |
||